L'Espagne d'aujourd'hui (notice n° 1925367)
[ vue normale ]
| 000 -LEADER | |
|---|---|
| fixed length control field | 01036cam a2200133 4500500 |
| 005 - DATE AND TIME OF LATEST TRANSACTION | |
| control field | 20260329023206.0 |
| 041 ## - LANGUAGE CODE | |
| Language code of text/sound track or separate title | fre |
| 042 ## - AUTHENTICATION CODE | |
| Authentication code | dc |
| 100 10 - MAIN ENTRY--PERSONAL NAME | |
| Personal name | Pelletier, Stéphane |
| Relator term | author |
| 245 00 - TITLE STATEMENT | |
| Title | L'Espagne d'aujourd'hui |
| 260 ## - PUBLICATION, DISTRIBUTION, ETC. | |
| Name of publisher, distributor, etc. | Armand Colin,<br/> |
| Date of publication, distribution, etc. | 2014.<br/> |
| 520 ## - SUMMARY, ETC. | |
| Summary, etc. | Depuis la mort de Franco en 1975, quatre décennies se sont écoulées au cours desquelles l’Espagne a connu de profondes mutations politiques, sociales, économiques et culturelles. De tels bouleversements ont fait de notre voisin transpyrénéen un partenaire incontournable au sein de l’Union européenne. De nos jours, l’Espagne est une démocratie stable à l’instar de ses partenaires européens. Afin de mieux saisir la trajectoire historique de l’Espagne démocratique, cette édition mise à jour intègre les aspects politiques, sociaux, économiques et institutionnels dans une approche globale de la réalité espagnole. |
| 856 41 - ELECTRONIC LOCATION AND ACCESS | |
| Uniform Resource Identifier | <a href="https://shs.cairn.info/l-espagne-d-aujourd-hui--9782200291099?lang=fr&redirect-ssocas=7080">https://shs.cairn.info/l-espagne-d-aujourd-hui--9782200291099?lang=fr&redirect-ssocas=7080</a> |
Pas d'exemplaire disponible.




Réseaux sociaux